书目信息 |
| 题名: |
衣食住行与风俗
|
|
| 作者: | 刘建美 编著 | |
| 分册: | ||
| 出版信息: | 太原 山西人民出版社 2007 |
|
| 页数: | 218页 | |
| 开本: | 24cm | |
| 丛书名: | 中华五千年文明图说丛书 | |
| 单 册: | ||
| 中图分类: | K892-49 | |
| 科图分类: | ||
| 主题词: | 风俗习惯--中国--通俗读物 , 风俗习惯 | |
| 电子资源: | ||
| ISBN: | 978-7-203-05799-4 | |
| 000 | 00889oam2 2200253 450 | |
| 001 | 1240348813 | |
| 005 | 20121013111252.85 | |
| 010 | @a978-7-203-05799-4@dCNY43.00 | |
| 100 | @a20070327d2007 em y0chiy50 ea | |
| 101 | 0 | @achi |
| 102 | @aCN@b140000 | |
| 105 | @aa z 000yy | |
| 200 | 1 | @a衣食住行与风俗@Ayi shi zhu xing yu feng su@f刘建美编著 |
| 210 | @a太原@c山西人民出版社@d2007 | |
| 215 | @a218页@c图,照片@d24cm | |
| 225 | 2 | @a中华五千年文明图说丛书 |
| 330 | @a本书共分十章,从衣食住行四方面介绍了中华文明,内容包括:草衣兽皮、茹毛饮血的年代;从野兽、古朴向文明走来;走向统一,以礼制俗;汉胡相杂,南北异趣;太平盛世,丰衣足食等。 | |
| 461 | 0 | @12001 @a中华五千年文明图说丛书 |
| 606 | 0 | @a风俗习惯@y中国@j通俗读物 |
| 606 | 0 | @a风俗习惯 |
| 690 | @aK892-49@v4 | |
| 701 | 0 | @a刘建美@Aliu jian mei@c(文史)@4编著 |
| 801 | 0 | @aCN@bNLC@c20101222 |
| 905 | @a10447@dK892-49@eJY54 | |
| 衣食住行与风俗/刘建美编著.-太原:山西人民出版社,2007 |
| 218页:图,照片;24cm.-(中华五千年文明图说丛书) |
| ISBN 978-7-203-05799-4:CNY43.00 |
| 本书共分十章,从衣食住行四方面介绍了中华文明,内容包括:草衣兽皮、茹毛饮血的年代;从野兽、古朴向文明走来;走向统一,以礼制俗;汉胡相杂,南北异趣;太平盛世,丰衣足食等。 |
| ● |
| 相关链接 |
|
|
|
|
正题名:衣食住行与风俗
索取号:K892-49/JY54
 
预约/预借
| 序号 | 登录号 | 条形码 | 馆藏地/架位号 | 状态 | 备注 |
| 1 | 7826129 | 278261293 | 学院路分馆/ [索取号:K892-49/JY54] | 在馆 | |
| 2 | 7826130 | 278261300 | 学院路分馆/ [索取号:K892-49/JY54] | 在馆 |